000 00496nam a2200169 4500
001 113077
003 ES-MaACL
005 20250930063114.0
007 t|
008 061121s1955 sp r ||||1| spa d
100 1 _aNúñez Alonso, Alejandro,
_d1905-1982
_986172
245 1 0 _aTu presencia en el tiempo
_b: novela /
_cA. Núñez Alonso.
260 _aBarcelona :
_bCorinto,
_c1955.
300 _a394 p. ;
_c20 cm.
852 _aES-MaACL
_jC-10549
_bR.37448
999 _c113077
_d113077